Sports Quiz

Random Sports or NFL Quiz
Score 0/7 Timer 02:00
0 Plays Today
Year Player % Correct
2012Adrian Peterson
96.3%
2009Chris Johnson
78.9%
1984Eric Dickerson
77.7%
1997Barry Sanders
72.3%
1973O.J. Simpson
65.5%
2003Jamal Lewis
63.1%
1998Terrell Davis
55.4%
Remove Ads.
Support Sporcle.
Get the best of Sporcle when you Go Orange. This ad-free experience offers more features, more stats, and more fun while also helping to support Sporcle. Thank you for becoming a member.

You're not logged in!

Compare scores with friends on all Sporcle quizzes.
OR
Log In

Show Comments

Extras

Top Quizzes Today


Score Distribution

Your Account Isn't Verified!

In order to create a playlist on Sporcle, you need to verify the email address you used during registration. Go to your Sporcle Settings to finish the process.

Report this User

Report this user for behavior that violates our Community Guidelines.

Details: